Top 20 NBA Scoring Leaders All-time - Statistics

General Stats
  • This quiz has been taken 30 times
  • The average score is 16 of 20
Answer Stats
Hint Answer Main Team % Correct
6 Dirk Nowitzki Mavericks
100%
4 Kobe Bryant Lakers
100%
3 LeBron James Cavaliers
100%
5 Michael Jordan Bulls
100%
7 Wilt Chamberlain Warriors
100%
1 Kareem Abdul-Jabbar Lakers
95%
2 Karl Malone Jazz
95%
9 Moses Malone Rockets
90%
12 Hakeem Olajuwon Rockets
86%
8 Shaquille O'neal Lakers
86%
15 Tim Duncan Spurs
86%
18 Kevin Garnett Timberwolves
76%
10 Carmelo Anthony Nuggets
67%
16 Paul Pierce Celtics
67%
19 Vince Carter Raptors
67%
14 Dominique Wilkins Hawks
62%
17 John Havlicek Celtics
62%
13 Oscar Robertson Royals/Kings
57%
11 Elvin Hayes Bullets/Wizards
52%
20 Alex English Nuggets
38%
No matching quizzes found
Score Distribution
Percent of People with Each Score
Percentile by Number Answered
Your Score History
You have not taken this quiz